|
|
|
|
| LEADER |
00599nam a22001931a 4500 |
| 020 |
|
|
|c 0.00
|
| 040 |
|
|
|a SSUS - Library - Kalady
|
| 082 |
|
|
|a M1
|b SHI/K
|
| 100 |
|
|
|a Shihabuddin Poithumkadav
|
| 245 |
|
|
|a Kadal marubhoomiyile veedu
|h [Text]
|
| 260 |
|
|
|a Calicut
|b Pappiyon
|c 2004
|
| 300 |
|
|
|a 78p.
|
| 600 |
|
|
|a Literature
|
| 600 |
|
|
|a Literature Malayalam
|
| 600 |
|
|
|a Poetry Malayalam
|
| 852 |
|
|
|h M1
|i SHI/K
|p 061210
|9 45.00
|t 0
|
| 942 |
|
|
|c BK
|
| 999 |
|
|
|c 22286
|d 22286
|
| 952 |
|
|
|0 0
|1 0
|4 0
|6 M_1_000000000000000_SHI_K
|7 0
|9 31308
|a SSUS
|b SSUS
|d 2015-01-08
|g 45.00
|o M1 SHI/K
|p 061210
|r 2015-01-08
|v 0.00
|w 2015-01-08
|y BK
|